Normal view
MARC view
- الطعان، عبد الرضا حسين
Entry Personal Name
001 - CONTROL NUMBER
- control field: 37744
003 - CONTROL NUMBER IDENTIFIER
- control field: JO-AjAnu
005 - DATE AND TIME OF LATEST TRANSACTION
- control field: 20230606080306.0
008 - FIXED-LENGTH DATA ELEMENTS
- fixed length control field: 230606|| aca||aabn | a|a d
040 ## - CATALOGING SOURCE
- Original cataloging agency: JO-AjAnu
- Transcribing agency: JO-AjAnu
100 ## - HEADING--PERSONAL NAME
- Personal name: الطعان، عبد الرضا حسين
670 ## - SOURCE DATA FOUND
- Source citation: Work cat.: (JO-AjAnu)19366: الطعان، عبد الرضا حسين, author, البعد الاجتماعي للاحزاب السياسية : دراسة في علم الاجتماع السياسي